| 000 | 01196nam1a22003851i 4500 | ||
|---|---|---|---|
| 001 | v19\rc\1482438 | ||
| 005 | 20240726075549.0 | ||
| 035 | _a(NLR Aleph) 004615121 | ||
| 090 |
_a2965802 _c2965802 |
||
| 100 | _a20060620d1879 |||y0rusy50 ca | ||
| 101 | 0 | _arus | |
| 102 | _aRU | ||
| 105 | _a z ||||| | ||
| 200 | 1 |
_aТруды Третьего Международного съезда ориенталистов в Петербурге _e1876. Т. 1- |
|
| 210 |
_aСанкт-Петербург _d1879 |
||
| 215 | _d25 | ||
| 300 | _aПарал. тит. л. на фр. яз. | ||
| 710 | 1 | 2 |
_aМеждународный конгресс востоковедов _d3 _f1876 _eПетербург |
| 801 | 0 |
_aRU _bNLR _gpsbo |
|
| 801 | 0 |
_aRU _bRuMoRGB _2psbo |
|
| 801 | 1 |
_aRU _bProSoft-M _2rusmarc |
|
| 852 |
_aNLR _jКрI-1931 |
||
| 852 |
_aNLR _j18.199.6.33 |
||
| 852 |
_aNLR _j14.43.8.29 |
||
| 852 |
_aNLR _j+Шифры разные |
||
| 899 |
_aRuMoRGB _jA 140/21 |
||
| 899 |
_aRuMoRGB _jU 62/348 |
||
| 899 |
_aRuMoRGB _jA 282/93 |
||
| 899 |
_aRuMoRGB _jR 7/869 |
||
| 899 | _aБАН | ||
| 899 | _aНБ СПбГУ | ||
| 899 | _aГПИБ | ||
| 942 | _cBOOK | ||
| 980 | 1 | _aKRCH | |